[Event "EOC-ch Playoff-A 2021"]
[Site "Online"]
[Date "2021.03.29"]
[Round "2.12"]
[White "Hamdouchi, Hicham"]
[Black "Sharafiev, Azat"]
[Result "1/2-1/2"]
[WhiteElo "2561"]
[BlackElo "2432"]
[Annotator "ChessBase"]
[PlyCount "37"]
[EventDate "2021.03.29"]
[EventType "team-tourn"]
[EventCountry "NET"]
[SourceTitle "playchess.com"]
[Source "ChessBase"]
[SourceQuality "1"]
[TimeControl "900+5"]

1. e4 {[%emt 0:00:00]} c5 {[%emt 0:00:03]} 2. Nc3 {[%emt 0:00:04]} Nc6 {[%emt 0:00:04]} 3. Bb5 {[%emt 0:00:02]} Nd4 {[%emt 0:00:03]} 4. Bc4 {[%emt 0:00:07]} e6 {[%emt 0:00:03]} 5. Nf3 {[%emt 0:00:03]} Nf6 {[%emt 0:00:01]} 6. O-O {[%emt 0:00:23]} a6 {[%emt 0:00:10]} 7. d3 {[%emt 0:01:32]} b5 {[%emt 0:00:18]} 8. Bb3 {[%emt 0:00:02]} Nxb3 {[%emt 0:00:02]} 9. axb3 {[%emt 0:00:02]} Bb7 {[%emt 0:00:01]} 10. e5 {[%emt 0:01:17]} Nd5 {[%emt 0:00:01]} 11. Ne4 {[%emt 0:00:01]} Be7 {[%emt 0:00:06]} 12. c4 {[%emt 0:00:44]} Nb4 {[%emt 0:00:01]} 13. Be3 {[%emt 0:01:01]} Qc7 {[%emt 0:03:42]} 14. cxb5 {[%emt 0:02:32]} axb5 {[%emt 0:00:03]} 15. Rc1 {[%emt 0:00:02]} Na2 {[%emt 0:05:27]} 16. Rc2 {[%emt 0:00:56]} Nb4 {[%emt 0:00:35]} 17. Rc1 {[%emt 0:00:07]} Na2 {[%emt 0:00:02]} 18. Rc2 {[%emt 0:00:15]} Nb4 {[%emt 0:00:02]} 19. Rc1 {[%emt 0:01:09]} 1/2-1/2

[Event "EOC-ch Playoff-A 2021"]
[Site "Online"]
[Date "2021.03.29"]
[Round "3.2"]
[White "Svane, Rasmus"]
[Black "Amin, Bassem"]
[Result "0-1"]
[WhiteElo "2613"]
[BlackElo "2695"]
[Annotator "TA"]
[PlyCount "130"]
[EventDate "2021.03.29"]
[EventType "team-tourn"]
[EventCountry "NET"]
[SourceTitle "playchess.com"]
[Source "ChessBase"]
[SourceQuality "1"]

{[%evp 18,130,12,11,0,-65,-49,-56,-55,-70,-26,-20,0,-51,-43,-48,-43,-50,-41,-51,-41,-44,-39,-45,-20,-62,-27,-66,-64,-66,-64,-73,-70,-134,-64,-93,-62,-91,-91,-155,-91,-87,-88,-80,-110,-93,0,-216,0,-133,-143,-140,-112,-124,-81,-105,0,0,5414,5406,2153,-29,-86,-108,-115,-333,-321,-327,-289,-243,-235,-226,-227,-548,-548,-425,-447,-29950,-29953,-29950,-475,-340,0,-29949,-6436,-5077,-5089,-29976,-29977,-29977,-29978,-29978,-29979,-29979,-29980,-29979,-29975,-29977,-29977,-29979,-29980,-29980,-29980,-29981,-29982,-29982,-29983,-29983,-29976,-29976,-29977,-29977,-29977,-29977,-29978]} 1. Nf3 Nf6 2. g3 g6 3. Bg2 Bg7 4. O-O O-O 5. d4 c6 6. c4 d6 7. Nc3 Nbd7 {[%cal Bb8d7,Bd7b6,Bb6c4,Bc4e5,Be5d3][%mdl 32]} 8. e4 e5 9. Re1 exd4 10. Nxd4 (10. Qxd4 Nd5 $1 $17) 10... Ng4 {E68: King's Indian: Fianchetto: 6...Nbd7 7 0-0 e5 8 e4.} 11. Nb3 {[#]} (11. Rf1 $11) 11... Nb6 $146 ({Predecessor:} 11... Nge5 12. Qe2 Nb6 13. c5 dxc5 14. Nxc5 Qe7 15. Nd3 Nxd3 16. Qxd3 Be6 17. Qc2 Nc4 18. h3 {0-1 (38) Resende,A (2330)-Fiorito,F (2410) Osasco 1992}) 12. c5 dxc5 {Black is slightly better.} 13. Nxc5 Bd4 14. Nd3 Nc4 15. Ne2 (15. Qc2 $11) 15... Bb6 $1 $15 16. h3 Nge5 17. Nxe5 Nxe5 18. Nc3 Nd3 19. Re2 Nxc1 20. Qxc1 Be6 21. Qf4 f6 22. Rd1 Qc7 23. Qf3 Rad8 24. Rxd8 Qxd8 25. h4 (25. Kh2 $15) 25... Qd4 ({Black should try} 25... h5 $17 26. Rc2 Bg4) 26. Kh2 $1 Kg7 27. b3 h5 {aiming for ...Bg4.} 28. Bh3 (28. Rc2 $142) 28... Bg4 ({Better is} 28... Bxh3 29. Kxh3 g5) 29. Bxg4 $17 hxg4 30. Qxg4 Qxc3 31. h5 g5 (31... Rf7 $17 {Hoping for ...g5.} 32. e5 fxe5 33. Qxg6+ Kf8 34. Qd6+ Kg8 35. Qg6+ Kf8 36. Qd6+ Kg8 37. Qg6+ Kf8) 32. e5 $2 {[#]} (32. Qf5 $1 $11 {and White stays safe.}) 32... Kh8 $2 ({Stronger than} 32... fxe5 33. Qxg5+ Kh8 34. Qh6+ Kg8 35. Qg6+ Kh8 36. Qh6+ Kg8 37. Qg6+ Kh8 38. Qh6+ $11) (32... Qd3 $1 $19 {Strongly threatening ...Kh6.} 33. exf6+ Rxf6) 33. Qf5 (33. e6 $11 {keeps the balance.} Qd3 34. e7) 33... Qc5 {And now ...fxe5 would win.} 34. Qg6 Qe7 ({Don't play} 34... fxe5 $6 35. Qh6+ Kg8 36. Qxg5+ Kh8 37. Qh6+ Kg8 38. Qg6+ Kh8 39. Qh6+ Kg8 40. Qg6+ Kh8 41. Qh6+ $11) 35. e6 Re8 36. Qh6+ {[#]} Kg8 (36... Qh7 $1 $17 {[%cal Rh7h6]} 37. Qxf6+ Qg7) 37. Qg6+ $11 Kf8 $2 {[%mdl 8192]} (37... Kh8 $11) 38. h6 $18 {h7 would kill now.} Bd4 39. b4 $2 (39. Kg2 $18 {Threatening mate with h7.} Be5 40. h7 Qxh7 41. Qxh7 Rxe6 42. f4 gxf4 43. gxf4) 39... f5 $1 $11 {Threatens to win with ...Qf6.} 40. Qxf5+ {White is now going downhill.} Qf6 41. e7+ $2 (41. Qxf6+ $17 {was necessary.} Bxf6 42. Kh3) 41... Rxe7 $19 42. Qc8+ Kf7 43. Rxe7+ Kxe7 44. Qxb7+ Kd6 45. h7 $2 (45. Qb8+ {nothing else works.} Ke7 46. Qc7+ Kf8 47. h7) 45... Qxf2+ {[%mdl 64] Double Attack} 46. Kh3 {intending Qb8+.} Qf5+ 47. Kg2 (47. Kh2 $19 Qf2+ 48. Kh3 Qf1+ 49. Kg4 Qe2+ 50. Kxg5 Qe5+ 51. Kg4) 47... g4 48. Qb8+ Kd7 (48... Ke7 $142 49. Qc7+ Qd7 50. Qxd7+ Kxd7 51. Kf1 Ke6 52. Ke2 Kd5 53. Kd3 a6 54. Ke2 Ke4 55. a3 Be5 56. Kf2 Kd3 57. a4 Bf6 58. Ke1 Ke3 59. Kd1 Kf3 60. Kd2 Kxg3 61. Ke3 Bh8 62. Ke2 Kg2 63. Ke3 g3 64. b5 cxb5 65. axb5 axb5 66. Kf4 b4 67. Kg5 b3 68. Kg6 b2 69. Kf7 b1=Q 70. Ke7 Qb6 71. Kd7 Kf3 72. Kc8 g2 73. Kd7 g1=Q 74. Ke7 Qg7+ {[%mdl 64] Double Attack} 75. Ke8 Qb8#) 49. Qb7+ Kd6 $2 (49... Kd8 $19 50. Qb8+ Ke7 51. Qc7+ Qd7 52. Qxd7+ Kxd7) 50. Qb8+ Ke7 {( -> ...Qf2+)} 51. Qc7+ Qd7 52. Qf4 Qd5+ {[%mdl 64] Double Attack. Black mates.} 53. Kf1 Qc4+ 54. Ke1 Bc3+ 55. Kf2 Qxf4+ 56. gxf4 {[%mdl 4096] Endgame KB-KP} Kf7 57. Kg3 Kg7 58. a3 Kxh7 59. Kxg4 {KB-K3P} Kg6 60. f5+ Kf6 61. Kf4 Bb2 62. a4 Bc3 63. b5 cxb5 64. axb5 Ba5 65. Ke4 Bc7 {Weighted Error Value: White=0.93/Black=0.58} 0-1

[Event "EOC-ch Playoff-A 2021"]
[Site "Online"]
[Date "2021.03.29"]
[Round "3.3"]
[White "Van Wely, Loek"]
[Black "Heinemann, Thies"]
[Result "0-1"]
[WhiteElo "2620"]
[BlackElo "2502"]
[Annotator "TA"]
[PlyCount "128"]
[EventDate "2021.03.29"]
[EventType "team-tourn"]
[EventCountry "NET"]
[SourceTitle "playchess.com"]
[Source "ChessBase"]
[SourceQuality "1"]

{[%evp 18,128,23,16,31,37,43,39,38,39,36,4,7,0,0,0,0,0,0,0,27,-51,-56,-57,-65,-51,-2,-8,0,-35,-35,-34,-34,-34,-34,-34,-34,-34,-44,-34,-34,-39,-43,-44,-44,-44,-40,-39,-35,-44,-44,-44,-45,-59,-22,-62,-62,-62,-62,-58,0,0,0,-24,-24,-24,0,-27,-25,-38,-24,-24,-24,-43,-28,-65,-53,-68,-46,-46,-46,-350,-350,-325,-96,-325,-325,-1657,-104,-283,-112,-1247,-933,-5414,-5414,-5406,-4865,-1344,-325,-5406,-5406,-29973,-29974,-29949,-5406,-29980,-29981,-29982,-29983,-29983,-29984,-29984,-29985]} 1. d4 Nf6 2. c4 e6 3. Nf3 b6 4. a3 Ba6 5. Qc2 Bb7 6. Nc3 c5 7. e4 cxd4 8. Nxd4 Bc5 9. Nb3 Nc6 10. Bg5 {10.f3 is the modern continuation.} Nd4 {E12: Queen's Indian: Unusual White 4th moves, 4 a3, 4 Nc3 Bb7 5 a3 and 4 Nc3 Bb7 .} 11. Nxd4 Bxd4 12. Nb5 Be5 {White is slightly better.} 13. f4 Bb8 14. e5 h6 15. exf6 hxg5 16. fxg7 Rg8 17. Qh7 Ke7 18. fxg5 Be5 19. O-O-O ({White should play} 19. h4 $11) 19... Rxg7 $15 20. Qh4 Qh8 21. Qf2 {[#]} Bc6 $146 ({Predecessor:} 21... d6 22. Nxd6 Bxd6 23. Qf6+ Kd7 24. c5 bxc5 25. Bb5+ Kc7 26. Rxd6 Kxd6 27. Rd1+ Bd5 28. Rxd5+ Kxd5 29. Qf3+ Ke5 30. Qg3+ Kd5 31. Qd3+ Ke5 32. Qg3+ Kd5 33. Qd3+ {½-½ (33) Einarsson,H (2220)-Jonsson,B (2366) Reykjavik 2010}) 22. Qe3 $1 {[%cal Re3e5]} Rh7 23. Nd4 (23. h4 $5) 23... Rxh2 24. Rxh2 Qxh2 25. Nxc6+ dxc6 26. Kb1 ({But not} 26. Qd2 $2 Bf4 $19) 26... Qf4 27. Qd3 Qxg5 28. Qd7+ Kf8 29. Qxc6 Rd8 30. Qf3 Rd2 31. Rxd2 Qxd2 {[%csl Ge5][%cal Rd2b2]} 32. Qe2 Qd4 33. Ka2 Ke7 34. Qc2 f5 35. Be2 Kf6 36. Bf3 Kg5 37. Bb7 Bf6 38. Bc8 Qe5 (38... Qe3 $15) 39. Qd2+ $11 Kg6 40. Qc2 Kf7 41. Qd2 Kf8 (41... Qc7 {looks sharper.} 42. Ba6 Qd8 43. Qe2 Qd4 44. Bc8 Be5) 42. Qc2 Ke7 43. Bb7 Qd4 44. Bf3 Bg7 (44... Kd6 {seems wilder.} 45. Bh5 Ke5 46. Qc1 a5 47. Bf7 Kd6) 45. Bb7 Kf6 (45... Qe3 {with more complications.} 46. Bc8 Bf6 47. Qd1 Qd4 48. Qc2 Qc5) 46. Bf3 e5 47. Bd5 e4 48. g4 $1 fxg4 {And now ...Kf5 would win.} 49. Qxe4 {[%mdl 8192] Black keeps a firm grip on the game.} (49. Bxe4 $15 Kg5 50. Qc1+ Kh4 51. Bd5) 49... Qxe4 $19 50. Bxe4 $15 {[%mdl 4096] Endgame KB-KB} Ke5 51. Bh1 (51. Bd3 $17) 51... Kd4 $1 $19 52. Kb3 $2 (52. Kb1 Kd3 53. Bd5) 52... Bf8 $2 (52... Kd3 $19 {and Black stays clearly on top.} 53. Bd5 g3) 53. Bb7 $2 {[#]} (53. Bg2 $17 {is a better defense.}) 53... g3 $2 (53... Kd3 $1 $19 {has better winning chances.} 54. Ka4 Kxc4 55. Ba6+ Kd4) 54. Bh1 $2 {[%mdl 8192]} (54. Bg2 $17) 54... Kd3 55. Bb7 Bg7 56. Bh1 Bd4 57. Bb7 Kd2 $2 (57... Bf6 58. Bc6 Be5) 58. Bh1 $2 (58. Ka2) 58... Kc1 59. c5 bxc5 60. Kc4 Bxb2 (60... Kxb2 $142 61. Be4 Kxa3 62. Kb5 a5 {[%mdl 64] Deflection} 63. Kxa5 c4 64. Kb5 c3 65. Kc4 Be5 66. Bf3 Kb2 67. Bb7 c2 68. Kd5 {[#]} c1=Q $1 69. Ke6 Bb8 70. Ba8 Qc4+ 71. Ke7 Qa6 72. Bh1 Qe2+ 73. Kf6 Qf1+ {[%mdl 64] Double Attack} 74. Kg7 Qxh1 75. Kg6 g2 76. Kf7 g1=Q 77. Kf6 Qf3+ 78. Ke7 Qg7+ 79. Ke8 Qff8#) 61. a4 Bd4 {Black mates.} 62. a5 Kd2 63. Kb5 Ke3 64. a6 Kf2 {Weighted Error Value: White=0.92/Black=0.53} 0-1

[Event "EOC-ch Playoff-A 2021"]
[Site "Online"]
[Date "2021.03.29"]
[Round "3.5"]
[White "Bartel, Mateusz"]
[Black "Artemiev, Vladislav"]
[Result "0-1"]
[WhiteElo "2635"]
[BlackElo "2709"]
[Annotator "RC"]
[PlyCount "54"]
[EventDate "2021.03.29"]
[EventType "team-tourn"]
[EventCountry "NET"]
[SourceTitle "playchess.com"]
[Source "ChessBase"]
[SourceQuality "1"]
[TimeControl "900+5"]

1. e4 {[%emt 0:00:00]} e5 {[%emt 0:00:06]} 2. Nf3 {[%emt 0:00:06]} Nc6 {[%emt 0:00:02]} 3. Bb5 {[%emt 0:00:02]} a6 {[%emt 0:00:05]} 4. Ba4 {[%emt 0:00:03]} Nf6 {[%emt 0:00:04]} 5. Nc3 {[%emt 0:00:03]} Bc5 {[%emt 0:02:08]} 6. Bxc6 {[%emt 0:01:40]} dxc6 {[%emt 0:00:03]} 7. d3 {[%emt 0:00:00]} Qe7 {[%emt 0:01:39]} 8. h3 {[%emt 0:00:28]} h6 {[%emt 0:01:01]} 9. Be3 {[%emt 0:01:29]} Bd6 {[%emt 0:00:20]} 10. O-O {[%emt 0:01:48]} c5 {[%emt 0:00:20]} 11. Nd2 {[%emt 0:00:14]} g5 {[%emt 0:00:30]} 12. Nc4 {[%emt 0:00:57]} Be6 {[%emt 0:00:02]} 13. Nxd6+ {[%emt 0:00:58]} cxd6 {[%emt 0:00:13]} 14. Ne2 {[%emt 0:00:52]} g4 {[%emt 0:00:46]} 15. h4 {[%emt 0:00:10]} Nh5 {[%emt 0:01:30]} 16. g3 {[%emt 0:00:04]} f5 {[%emt 0:02:23]} 17. exf5 {[%emt 0:00:07]} Bd5 {[%emt 0:00:00]} 18. Nc3 {[%emt 0:01:15]} Bf3 {[%emt 0:00:04]} 19. Qd2 {[%emt 0:00:02]} Ng7 {[%emt 0:00:42]} 20. Bxh6 {[%emt 0:00:32]} Nxf5 {[%emt 0:00:06]} 21. Bg5 {[%emt 0:00:02]} Nxh4 {[%emt 0:00:51]} 22. Bxe7 {[%emt 0:02:52]} Nf5 {[%emt 0:00:02]} 23. Bh4 {[%emt 0:00:02]} Nxh4 {[%emt 0:00:01]} 24. Qg5 {[%emt 0:01:16]} Nf5 {[%emt 0:00:05]} 25. Qg6+ {[%emt 0:00:01]} Kd8 {[%emt 0:00:11]} 26. Qf6+ {[%emt 0:00:27]} Kc7 {[%emt 0:00:02]} 27. Nd5+ {[%emt 0:00:22]} Kc6 {[%emt 0:00:22]} 0-1

[Event "EOC-ch Playoff-A 2021"]
[Site "Online"]
[Date "2021.03.29"]
[Round "3.6"]
[White "Kamsky, Gata"]
[Black "Gumularz, Szymon"]
[Result "1-0"]
[WhiteElo "2665"]
[BlackElo "2517"]
[Annotator "TA"]
[PlyCount "143"]
[EventDate "2021.03.29"]
[EventType "team-tourn"]
[EventCountry "NET"]
[SourceTitle "playchess.com"]
[Source "ChessBase"]
[SourceQuality "1"]

{[%evp 9,143,11,14,13,15,16,21,0,15,16,13,0,10,0,8,0,0,-14,0,0,6,0,3,0,0,0,0,0,4,0,0,0,6,0,0,0,6,11,4,0,0,0,0,0,0,0,10,4,30,22,28,8,14,0,10,17,17,21,38,18,19,13,26,33,45,43,37,27,25,25,41,27,41,24,54,59,66,64,50,62,73,13,123,123,230,180,180,180,161,172,183,183,188,151,136,114,114,101,115,112,110,85,81,78,163,86,178,178,252,251,365,365,336,322,303,283,913,844,1553,1498,1756,1672,1466,1175,1247,1221,29982,29983,29983,29984,29984,29985,29985,29986,29986,29987]} 1. d4 Nf6 2. Nf3 d5 3. Bf4 c5 4. e3 Nc6 5. Nbd2 cxd4 6. exd4 {D02: 1 d4 d5 2 Nf3 sidelines, including 2...Nf6 3 g3 and 2...Nf6 3 Bf4.} Bf5 7. c3 e6 8. Be2 {The position is equal.} Bd6 (8... h6 {seems wilder.} 9. h3 Be7 10. O-O O-O 11. Nb3 a6) 9. Bxd6 Qxd6 10. O-O O-O 11. Re1 h6 12. a4 $5 {[%mdl 4] [#] A promising side line.} Qc7 $146 ({Predecessor:} 12... a5 13. Qb3 Rab8 14. Bf1 Ne4 15. Nxe4 Bxe4 16. Nd2 Bg6 17. Re3 e5 18. dxe5 Nxe5 {½-½ (44) Kamsky,G (2684)-Bartel,M (2636) Germany 2019}) 13. Qb3 Ne4 14. Nxe4 Bxe4 15. Nd2 Bg6 16. Bf1 Rfc8 17. Qa3 Na5 18. Qb4 Nc6 19. Qa3 Na5 20. Nf3 Nc6 21. a5 Rab8 22. Bb5 Bh5 23. Nd2 Ne7 24. Bd3 Bg6 25. Bf1 Nf5 26. Nf3 Nd6 27. Ne5 Bh7 28. Qa4 b6 29. axb6 axb6 30. Qb4 Ra8 31. Ra3 Be4 32. Rea1 Rxa3 33. Rxa3 f6 34. Nd3 Nc4 {[%cal Bd6c4,Bc4a5,Ba5c6][%mdl 32]} 35. Ra1 Bg6 36. Ne1 Na5 37. Nf3 Nc6 38. Qb5 Be8 39. Qa6 e5 40. dxe5 fxe5 41. Bb5 Na5 42. Bxe8 Rxe8 43. Qb5 Rd8 44. h3 Nc4 {[#]} 45. Rd1 (45. Ra8 $1 $16 {aiming for Qxd5+.} Kh7 46. Rxd8 Qxd8 47. b3) 45... e4 (45... Qc5 $11 46. Qxc5 bxc5) 46. Rxd5 $16 Rf8 {[#]} (46... exf3 $16 {was worth a try.} 47. Rxd8+ Qxd8) 47. Rd7 $1 Qc5 48. Qxc5 bxc5 49. Nd2 Nxd2 50. Rxd2 $18 {[%mdl 4096] Endgame KR-KR} Rb8 51. Kf1 Kf7 52. Ke2 Ke6 53. Ke3 Ke5 54. h4 g6 55. f3 exf3 56. Kxf3 h5 (56... Rb7 $16) 57. Ke3 (57. g3 $18) 57... c4 (57... Rb6 $16) 58. g3 Rb7 {[#]} (58... g5 {keeps fighting.} 59. hxg5 Kf5) 59. Rd4 $1 Rxb2 (59... Rc7 $142 60. Rd8 Re7) 60. Rxc4 Kd5 61. Rb4 Rc2 62. Rb5+ Kc4 $2 (62... Ke6 63. Kd3 Rf2) 63. Rg5 Rxc3+ 64. Ke4 Rd3 65. Rxg6 Rd4+ 66. Kf3 Rd5 67. Rg5 Rxg5 68. hxg5 {White mates.} Kd5 {[#]} 69. Kf4 $1 Ke6 70. Ke4 Kf7 71. Kf5 Kg7 72. g6 {Weighted Error Value: White=0.09/Black=0.17} 1-0

[Event "EOC-ch Playoff-A 2021"]
[Site "Online"]
[Date "2021.03.29"]
[Round "3.7"]
[White "Mastrovasilis, Dimitrios"]
[Black "Timofeev, Artyom"]
[Result "1/2-1/2"]
[WhiteElo "2609"]
[BlackElo "2594"]
[Annotator "RC"]
[PlyCount "135"]
[EventDate "2021.03.29"]
[EventType "team-tourn"]
[EventCountry "NET"]
[SourceTitle "playchess.com"]
[Source "ChessBase"]
[SourceQuality "1"]
[TimeControl "900+5"]

1. e4 {[%emt 0:00:00]} c5 {[%emt 0:00:05]} 2. Nf3 {[%emt 0:00:04]} d6 {[%emt 0:00:03]} 3. Bb5+ {[%emt 0:00:03]} Bd7 {[%emt 0:00:03]} 4. Bxd7+ {[%emt 0:00:03]} Nxd7 {[%emt 0:00:03]} 5. O-O {[%emt 0:00:04]} Ngf6 {[%emt 0:00:03]} 6. Qe2 {[%emt 0:00:03]} Rc8 {[%emt 0:00:13]} 7. c3 {[%emt 0:00:19]} e6 {[%emt 0:00:24]} 8. d4 {[%emt 0:00:38]} cxd4 {[%emt 0:01:59]} 9. cxd4 {[%emt 0:00:00]} Be7 {[%emt 0:00:02]} 10. Nc3 {[%emt 0:00:08]} Nb6 {[%emt 0:00:14]} 11. Bg5 {[%emt 0:01:51]} O-O {[%emt 0:00:12]} 12. Rac1 {[%emt 0:01:02]} h6 {[%emt 0:00:19]} 13. Bh4 {[%emt 0:00:04]} a6 {[%emt 0:00:16]} 14. Rc2 {[%emt 0:01:48]} d5 {[%emt 0:00:17]} 15. e5 {[%emt 0:00:07]} Nfd7 {[%emt 0:00:04]} 16. Bxe7 {[%emt 0:00:09]} Qxe7 {[%emt 0:00:04]} 17. Rfc1 {[%emt 0:00:02]} Rc6 {[%emt 0:00:04]} 18. Nd1 {[%emt 0:01:07]} Rxc2 {[%emt 0:00:06]} 19. Rxc2 {[%emt 0:00:02]} Rc8 {[%emt 0:00:02]} 20. Rxc8+ {[%emt 0:00:41]} Nxc8 {[%emt 0:00:04]} 21. Qc2 {[%emt 0:00:03]} Qd8 {[%emt 0:00:11]} 22. Ne3 {[%emt 0:00:38]} Ne7 {[%emt 0:00:06]} 23. Qc3 {[%emt 0:00:07]} Nc6 {[%emt 0:00:42]} 24. g3 {[%emt 0:00:10]} Qa5 {[%emt 0:00:10]} 25. Qxa5 {[%emt 0:00:20]} Nxa5 {[%emt 0:00:03]} 26. Kf1 {[%emt 0:00:06]} Nc4 {[%emt 0:00:24]} 27. Nd1 {[%emt 0:00:44]} f6 {[%emt 0:00:07]} 28. b3 {[%emt 0:00:16]} Na3 {[%emt 0:00:06]} 29. exf6 {[%emt 0:00:48]} gxf6 {[%emt 0:00:05]} 30. Ke2 {[%emt 0:00:35]} Kf7 {[%emt 0:00:09]} 31. Nc3 {[%emt 0:00:10]} Nc2 {[%emt 0:00:07]} 32. Kd2 {[%emt 0:00:32]} Nb4 {[%emt 0:00:06]} 33. Ne1 {[%emt 0:00:34]} Ke7 {[%emt 0:01:05]} 34. Ng2 {[%emt 0:00:43]} Kd6 {[%emt 0:00:17]} 35. Ne3 {[%emt 0:00:07]} Nc6 {[%emt 0:00:03]} 36. Kd3 {[%emt 0:00:07]} Nb4+ {[%emt 0:00:04]} 37. Kd2 {[%emt 0:00:01]} Nc6 {[%emt 0:00:02]} 38. Ne2 {[%emt 0:00:10]} Ne7 {[%emt 0:00:19]} 39. h4 {[%emt 0:00:46]} e5 {[%emt 0:00:26]} 40. h5 {[%emt 0:00:19]} f5 {[%emt 0:02:10]} 41. dxe5+ {[%emt 0:00:14]} Kxe5 {[%emt 0:00:03]} 42. f3 {[%emt 0:01:46]} b5 {[%emt 0:00:29]} 43. Nf4 {[%emt 0:00:07]} d4 {[%emt 0:00:08]} 44. Nd3+ {[%emt 0:00:18]} Kf6 {[%emt 0:01:01]} 45. Nc2 {[%emt 0:00:05]} Nc6 {[%emt 0:00:13]} 46. Ndb4 {[%emt 0:00:07]} Nxb4 {[%emt 0:00:07]} 47. Nxb4 {[%emt 0:00:00]} Nc5 {[%emt 0:00:01]} 48. Nc6 {[%emt 0:00:18]} d3 {[%emt 0:02:28]} 49. b4 {[%emt 0:00:03]} Ne6 {[%emt 0:00:32]} 50. Kxd3 {[%emt 0:00:04]} Ng7 {[%emt 0:00:04]} 51. g4 {[%emt 0:00:14]} fxg4 {[%emt 0:00:03]} 52. fxg4 {[%emt 0:00:00]} Kg5 {[%emt 0:00:01]} 53. Ne5 {[%emt 0:00:06]} Ne8 {[%emt 0:00:15]} 54. Kd4 {[%emt 0:00:13]} Kf4 {[%emt 0:00:51]} 55. Nf7 {[%emt 0:00:15]} Kxg4 {[%emt 0:00:02]} 56. Nxh6+ {[%emt 0:00:02]} Kxh5 {[%emt 0:00:01]} 57. Nf7 {[%emt 0:00:14]} Kg6 {[%emt 0:00:06]} 58. Nd8 {[%emt 0:00:06]} Kf6 {[%emt 0:00:18]} 59. Kc5 {[%emt 0:00:01]} Ke7 {[%emt 0:00:02]} 60. Nc6+ {[%emt 0:00:05]} Ke6 {[%emt 0:00:20]} 61. Kb6 {[%emt 0:00:07]} Kd5 {[%emt 0:00:06]} 62. Nb8 {[%emt 0:00:04]} Kc4 {[%emt 0:00:07]} 63. Nxa6 {[%emt 0:00:03]} Nf6 {[%emt 0:00:15]} 64. Ka5 {[%emt 0:00:05]} Nd5 {[%emt 0:00:14]} 65. a3 {[%emt 0:00:07]} Kb3 {[%emt 0:00:05]} 66. Kxb5 {[%emt 0:00:03]} Kxa3 {[%emt 0:00:02]} 67. Kc5 {[%emt 0:00:04]} Nxb4 {[%emt 0:00:02]} 68. Nxb4 {[%emt 0:00:02]} 1/2-1/2

[Event "EOC-ch Playoff-A 2021"]
[Site "Online"]
[Date "2021.03.29"]
[Round "3.8"]
[White "Sharafiev, Azat"]
[Black "Wieczorek, Oskar"]
[Result "1-0"]
[WhiteElo "2432"]
[BlackElo "2498"]
[Annotator "ChessBase"]
[PlyCount "99"]
[EventDate "2021.03.29"]
[EventType "team-tourn"]
[EventCountry "NET"]
[SourceTitle "playchess.com"]
[Source "ChessBase"]
[SourceQuality "1"]
[TimeControl "900+5"]

1. d4 {[%emt 0:00:00]} Nf6 {[%emt 0:00:02]} 2. Nf3 {[%emt 0:00:02]} g6 {[%emt 0:00:02]} 3. Bg5 {[%emt 0:00:02]} Bg7 {[%emt 0:00:01]} 4. Nbd2 {[%emt 0:00:01]} d5 {[%emt 0:00:01]} 5. e3 {[%emt 0:00:03]} O-O {[%emt 0:00:02]} 6. Bd3 {[%emt 0:00:01]} c5 {[%emt 0:00:02]} 7. c3 {[%emt 0:00:05]} Qb6 {[%emt 0:00:02]} 8. Qb1 {[%emt 0:01:13]} Nc6 {[%emt 0:00:14]} 9. O-O {[%emt 0:00:03]} e5 {[%emt 0:02:19]} 10. Nxe5 {[%emt 0:05:06]} Nxe5 {[%emt 0:00:04]} 11. dxe5 {[%emt 0:00:01]} Ng4 {[%emt 0:00:02]} 12. Nf3 {[%emt 0:00:41]} Nxe5 {[%emt 0:00:07]} 13. Nxe5 {[%emt 0:00:03]} Bxe5 {[%emt 0:00:00]} 14. Qc2 {[%emt 0:00:25]} Bg7 {[%emt 0:00:09]} 15. Rad1 {[%emt 0:00:09]} Be6 {[%emt 0:00:11]} 16. Rd2 {[%emt 0:00:59]} Qc6 {[%emt 0:02:54]} 17. Be2 {[%emt 0:00:25]} d4 {[%emt 0:02:37]} 18. cxd4 {[%emt 0:01:37]} cxd4 {[%emt 0:00:04]} 19. Qxc6 {[%emt 0:00:02]} bxc6 {[%emt 0:00:00]} 20. b3 {[%emt 0:00:37]} h6 {[%emt 0:02:33]} 21. Bf4 {[%emt 0:00:31]} g5 {[%emt 0:00:12]} 22. Bd6 {[%emt 0:00:40]} dxe3 {[%emt 0:00:08]} 23. fxe3 {[%emt 0:00:02]} Rfd8 {[%emt 0:00:02]} 24. Bf3 {[%emt 0:00:42]} Rac8 {[%emt 0:01:43]} 25. Rfd1 {[%emt 0:00:14]} a5 {[%emt 0:00:32]} 26. Bc5 {[%emt 0:00:11]} Rxd2 {[%emt 0:00:34]} 27. Rxd2 {[%emt 0:00:02]} Bf8 {[%emt 0:00:20]} 28. Rc2 {[%emt 0:00:44]} Bf5 {[%emt 0:00:47]} 29. Rc1 {[%emt 0:00:12]} g4 {[%emt 0:00:49]} 30. Be2 {[%emt 0:00:05]} Be6 {[%emt 0:00:21]} 31. Bxf8 {[%emt 0:00:21]} Kxf8 {[%emt 0:00:00]} 32. Rc5 {[%emt 0:00:07]} Rd8 {[%emt 0:00:28]} 33. Rxa5 {[%emt 0:00:12]} Rd2 {[%emt 0:00:02]} 34. Kf1 {[%emt 0:00:50]} Ke7 {[%emt 0:00:05]} 35. Ke1 {[%emt 0:00:31]} Rb2 {[%emt 0:00:04]} 36. e4 {[%emt 0:00:04]} Kd6 {[%emt 0:00:15]} 37. g3 {[%emt 0:00:31]} c5 {[%emt 0:00:05]} 38. Kf1 {[%emt 0:00:17]} Ke5 {[%emt 0:00:06]} 39. Rxc5+ {[%emt 0:00:07]} Kxe4 {[%emt 0:00:01]} 40. a4 {[%emt 0:00:14]} Rxb3 {[%emt 0:00:07]} 41. a5 {[%emt 0:00:05]} Ra3 {[%emt 0:00:04]} 42. a6 {[%emt 0:00:01]} Ke3 {[%emt 0:00:07]} 43. Re5+ {[%emt 0:00:03]} Kd4 {[%emt 0:00:01]} 44. Rb5 {[%emt 0:00:05]} Ra1+ {[%emt 0:00:08]} 45. Kf2 {[%emt 0:00:02]} Ra2 {[%emt 0:00:02]} 46. Rb4+ {[%emt 0:00:07]} Kc5 {[%emt 0:00:08]} 47. Rf4 {[%emt 0:00:03]} f5 {[%emt 0:00:06]} 48. Ke3 {[%emt 0:00:03]} Ra3+ {[%emt 0:00:02]} 49. Bd3 {[%emt 0:00:04]} Bc8 {[%emt 0:00:06]} 50. Rc4+ {[%emt 0:00:08]} 1-0